Дополнительное профессиональное и естественнонаучное образование в информационном обществе: новые приоритеты и технологии (Запись № 10891476)

Подробности
000 -МАРКЕР
контрольное поле 02814nam0a2200337 i 4500
001 - ИДЕНТИФИКАТОР ЗАПИСИ
контрольное поле RU\NLR\BIBL_A\011285354
005 - ИДЕНТИФИКАТОР ВЕРСИИ
контрольное поле 20240921185135.0
010 ## - МЕЖДУНАРОДНЫЙ СТАНДАРТНЫЙ НОМЕР КНИГИ (ISBN)
Номер (ISBN) 9785989261888
Тираж 150
021 ## - НОМЕР ГОСУДАРСТВЕННОЙ РЕГИСТРАЦИИ
Код страны Российская Федерация
Номер 2016-88176
Номер Листа государственной регистраци 5796
035 ## - ДРУГИЕ СИСТЕМНЫЕ НОМЕРА
Идентификатор записи (NLR Aleph) 011285354
100 ## - ДАННЫЕ ОБЩЕЙ ОБРАБОТКИ
Данные общей обработки 20161201d2016 d0rusy50 ca
101 0# - ЯЗЫК РЕСУРСА
Язык текста, звукозаписи и т.д. русский
102 ## - СТРАНА ПУБЛИКАЦИИ ИЛИ ПРОИЗВОДСТВА
Страна публикации Российская Федерация
105 ## - ПОЛЕ КОДИРОВАННЫХ ДАННЫХ: ТЕКСТОВЫЕ МАТЕРИАЛЫ, МОНОГРАФИЧЕСКИЕ
Кодированные данные о монографическом текстовом документе y z 100zy
200 1# - ЗАГЛАВИЕ И СВЕДЕНИЯ ОБ ОТВЕТСТВЕННОСТИ
Основное заглавие Дополнительное профессиональное и естественнонаучное образование в информационном обществе: новые приоритеты и технологии
Сведения, относящиеся к заглавию материалы межрегиональной научно-практической конференции (Волгоград, 24-25 апреля 2014 г.) и научно-практической интернет-видеоконференции с международным участием (Волгоград, 15 мая 2015 г.)
Первые сведения об ответственности [сост.: А. Н. Кузибецкий, заслуж. учитель РФ и др.]
210 ## - ПУБЛИКАЦИЯ, РАСПРОСТРАНЕНИЕ И ДР.
Место издания, распространения и т.д. Волгоград
Имя издателя, распространителя и т. д. Изд-во ВГАПО
Дата издания, распространения и т.д. 2016
215 ## - ФИЗИЧЕСКАЯ ХАРАКТЕРИСТИКА
Специфическое обозначение материала и объем 271 с.
Размеры 21
300 ## - ОБЩИЕ ПРИМЕЧАНИЯ
Текст примечания В надзаг.: Ком. образования и науки Волгогр. обл., Образоват. кластер повышения квалификации и проф. переподгот. кадров для системы образования Волгограда и Волгоград. обл., Волгоград. гос. акад. последиплом. образования [и др.]
320 ## - ПРИМЕЧАНИЯ О НАЛИЧИИ В ДОКУМЕНТЕ БИБЛИОГРАФИИ / УКАЗАТЕЛЯ
Текст примечания Библиогр. в конце ст.
606 1# - НАИМЕНОВАНИЕ ТЕМЫ КАК ПРЕДМЕТ
Наименование темы Дополнительное профессиональное образование
Формальный подзаголовок Съезды, совещания и т.п
Системный номер авторитетной/нормативной записи 2376765
Идентификатор авторитетной/нормативной записи RU\NLR\AUTH\661418288
606 1# - НАИМЕНОВАНИЕ ТЕМЫ КАК ПРЕДМЕТ
Наименование темы Естественно-научное образование
Формальный подзаголовок Съезды, совещания и т.п
Системный номер авторитетной/нормативной записи 2549924
Идентификатор авторитетной/нормативной записи RU\NLR\AUTH\661508963
686 1# - ИНДЕКСЫ ДРУГИХ КЛАССИФИКАЦИЙ
Индекс Ч313.8я431
686 1# - ИНДЕКСЫ ДРУГИХ КЛАССИФИКАЦИЙ
Индекс Ч454(0)78я431
702 #1 - ИМЯ ЛИЦА - ВТОРИЧНАЯ ОТВЕТСТВЕННОСТЬ
Начальный элемент ввода Кузибецкий
Часть имени, кроме начального элемента ввода А. Н.
Расширение инициалов личного имени Александр Николаевич
Код отношения Составитель
711 12 - НАИМЕНОВАНИЕ ОРГАНИЗАЦИИ - АЛЬТЕРНАТИВНАЯ ОТВЕТСТВЕННОСТЬ
Начальный элемент ввода "Дополнительное профессиональное и естественнонаучное образование в информационном обществе: новые приоритеты и технологии", научно-практическая интернет-видеоконференция с международным участием
Место проведения временной организации Волгоград
Дата проведения временной организации 2015
Системный номер авторитетной/нормативной записи 540063
Идентификатор авторитетной/нормативной записи RU\NLR\AUTH\880437920
942 ## - ДОПОЛНИТЕЛЬНЫЕ ЭЛЕМЕНТЫ ЗАПИСИ (АБИС)
Тип экземпляра АБИС Книга
980 ## - КОЛЛЕКЦИЯ
Название коллекции НБР

Нет доступных экземпляров.